[Event "Alfoeld Cup op"]
[Site "Hajduszoboszlo"]
[Date "1999.??.??"]
[Round "3"]
[White "Levitzky, Tibor"]
[Black "Bencze, Laszlo"]
[Result "1-0"]
[WhiteElo "2160"]
[BlackElo "2300"]
[PlyCount "53"]
[EventDate "1999.??.??"]
[EventType "swiss"]
[EventRounds "9"]
[EventCountry "HUN"]
[SourceTitle "EXT 2000"]
[Source "ChessBase"]
[SourceDate "1999.11.16"]
[SourceVersion "1"]
[SourceVersionDate "1999.11.16"]
[SourceQuality "1"]

1. d4 Nf6 2. c4 e6 3. Nc3 Bb4 4. e3 c5 5. Bd3 Nc6 6. Nf3 d5 7. 0-0 cxd4 8. exd4 dxc4 9. Bxc4 0-0 10. a3 Bxc3 11. bxc3 Qc7 12. Bd3 h6 13. Qc2 e5 14. Bd2 Bg4 15. Nxe5 Nxe5 16. dxe5 Qxe5 17. Rfe1 Qc7 18. Re3 Bd7 19. Rg3 Nh5 20. Rf3 Rfe8 21. Bh7+ Kh8 22. Rxf7 Rf8 23. Bg6 Rxf7 24. Bxf7 Nf4 25. Qe4 Ne6 26. Bxe6 Re8 27. Qc4 1-0